00925cam a22002411 4500001001300000003000400013005001700017008004100034010001700075035002000092040002600112042001200138050002200150100004500172245014100217260005000358300002300408500011200431504003000543600003300573610003000606651004700636sa 65008288 DLC20260227112155.0891102s1964 ii b 000 0beng  asa 65008288  a(OCoLC)21007303 aDLCcNAlUdOCoLCdDLC apremarc00aJQ298.I5bK3 19641 aKaushik, P. D.q(Pitambar Datta),d1937-14aThe Congress ideology and programme, 1920-47;bideological foundations of Indian nationalism during the Gandhian era,cby P. D. Kaushik. aBombay,aNew York,bAllied Publishersc[1964] aix, 405 p.c23 cm. a"Revised version of ... [the author's] thesis submitted for the degree of Ph. D. ... University of Saugar." aBibliography: p. 383-394.10aGandhi,cMahatma,d1869-194820aIndian National Congress. 0aIndiaxPolitics and governmenty1919-1947.